000
00307nam a22001217a 4500
020
_a
0-07-99013-1
082
_a
511.32 LIP
100
_a
LIPSCHUTZ,SEYMOUR
_9
8529
245
_a
THEORY AND PROBLEMS OF SET THEORY AND RELATED TOPICS
260
_a
SINGAPORE
_b
MCGRAW HILL
_c
1981
300
_a
234P
942
_c
BK
999
_c
580439
_d
580439